000 00514nam a2200193Ia 4500
005 20250508150453.0
008 008 250505s9999 xx 000 0 eng d
037 _aTextual
040 _aFEDL
_beng
_cFEDL
041 _aeng
_2eng
084 _a150.1, WAR
_qFEDL
100 _aWard James
245 0 _aPsychological principles
260 _aCambridge
_bCambridge University Press
_c1933
300 _axiv,478p.
365 _aINR
_b12
942 _cTEXL
_h150.1, WAR
999 _c1323805
_d1323805